[Event "XI Open"]
[Site "Malaga ESP"]
[Date "2008.02.24"]
[Round "3"]
[White "Cueto,J BOL"]
[Black "Karlsson,L"]
[Result "0-1"]
[WhiteElo "2312"]
[BlackElo "2488"]

1.d4 d6 2.e4 g6 3.Nc3 Bg7 4.f4 a6 5.Nf3 Bg4 6.Be3 Nc6 7.d5 Bxf3 8.gxf3 Nb8
9.Qd2 c5 10.Rg1 Nd7 11.f5 Qa5 12.Nd1 Qxd2+ 13.Kxd2 Ngf6 14.c3 Nh5 15.Nf2 Be5
16.Nd3 Bxh2 17.Rh1 Bg3 18.Be2 Ne5 19.Ne1 Bf4 20.Ng2 Bxe3+ 21.Nxe3 Nf6 22.Rh6 g5
23.Rah1 Rg8 24.Nf1 Kd7 25.Ng3 Kc7 26.Nh5 Ned7 27.Ke3 Nxh5 28.R6xh5 Nf6 29.Rh6 Rg7
30.a3 b5 31.Rg1 Rag8 32.Kd3 Nd7 33.Rgh1 Rh8 34.Ke3 Ne5 35.Ra1 Rb8 36.b4 Kb6
37.f6 exf6 38.Rxf6 Rg6 39.Rxg6 hxg6 40.a4 cxb4 41.axb5 axb5 42.Rb1 bxc3 43.Rxb5+ Kc7
44.Rxb8 Kxb8 45.Bd1 Kc7 46.f4 gxf4+ 47.Kxf4 Kb6 48.Kg5 Kc5 49.Kf6 Kd4 50.Bc2 Ke3
51.Ke7 g5 52.Kxd6 Kd4 53.Kc7 g4 54.d6 g3  0-1

[Event "XI Open"]
[Site "Malaga ESP"]
[Date "2008.02.25"]
[Round "4"]
[White "Rubio Doblas,R"]
[Black "Cueto,J BOL"]
[Result "0-1"]
[WhiteElo "2111"]
[BlackElo "2312"]

1.e4 d6 2.d4 g6 3.Nc3 Bg7 4.h3 Nd7 5.Be3 c6 6.a4 Ngf6 7.Nf3 O-O 8.Bc4 d5
9.exd5 Nb6 10.Bd3 Nbxd5 11.Nxd5 cxd5 12.O-O Ne4 13.Ne5 f6 14.Nf3 Nd6 15.c3 Bf5
16.Nh4 Bxd3 17.Qxd3 Nc4 18.b3 Na5 19.c4 e5 20.cxd5 Qxd5 21.Rab1 Rfd8 22.Rfd1 f5
23.Qc3 exd4 24.Qb4 Nc6 25.Qxb7 Rab8 26.Qa6 Rxb3 27.Rbc1 Rb6 28.Qe2 Qe6  0-1

[Event "XI Open"]
[Site "Malaga ESP"]
[Date "2008.02.28"]
[Round "7"]
[White "Fandino Reyes,R"]
[Black "Piasetski,L"]
[Result "0-1"]
[WhiteElo "2197"]
[BlackElo "2308"]

1.e4 d6 2.d4 g6 3.Nc3 Bg7 4.Be3 a6 5.Be2 b5 6.Qd2 Bb7 7.f3 Nd7 8.a4 b4 9.Nd1 Rb8
10.Nh3 c5 11.Nhf2 Qa5 12.O-O Ngf6 13.c3 bxc3 14.Nxc3 cxd4 15.Bxd4 Nc5 16.Ra3 Qb4
17.Be3 O-O 18.Kh1 Nfd7 19.Nfd1 Nb3 20.Qe1 Nd4 21.Bd3 Ne5 22.Qd2 Nc4 23.Bxc4 Qxc4
24.Re1 Rfc8 25.Bxd4 Qxd4 26.Qxd4 Bxd4 27.Rb3 Bc6 28.Rxb8 Rxb8 29.Re2 a5 30.g4 Kf8
31.Rd2 Bc5 32.Kg2 Rb4 33.Nf2 Bd4 34.Nfd1 Bb6 35.Kf1 Bxa4 36.Nxa4 Rxa4 37.Rc2 Bc5
38.Ke2 e6 39.Kd3 Rd4+ 40.Ke2 Rb4 41.Nc3 g5 42.Na2 Rb3 43.Nc3 Kg7 44.Nd1 Kf6
45.Nc3 Ke5 46.Nd1 h6 47.Rc4 Rb4 48.Rxb4 axb4 49.Kd3 Kf4 50.Ke2 Bg1 51.b3 Bxh2
52.Nf2 Ke5 53.Nd3+ Kd4 54.Nxb4 Kc3 55.Nc6 Kxb3 56.Nd8 Kc2 57.Nxf7 d5 58.exd5 exd5
59.Nxh6 d4 60.Nf5 d3+ 61.Kf2 Bf4 62.Nd4+ Kd1 63.Nb3 Bb8 64.Ke3 d2 65.Kd3 Bf4  0-1

[Event "XI Open"]
[Site "Malaga ESP"]
[Date "2008.02.28"]
[Round "7"]
[White "Guerra Bastida,D"]
[Black "Jimenez Martinez,Jo"]
[Result "1-0"]
[WhiteElo "2386"]
[BlackElo "2200"]

1.e4 d6 2.d4 g6 3.Nc3 Bg7 4.g3 Nf6 5.Bg2 O-O 6.Nge2 Nbd7 7.O-O c5 8.h3 Rb8
9.a4 b6 10.Be3 Bb7 11.d5 a6 12.Qd2 b5 13.Bh6 b4 14.Nd1 Nb6 15.Bxg7 Kxg7 16.Ne3 e6
17.a5 Na8 18.c4 exd5 19.exd5 Nd7 20.Rfe1 Nc7 21.b3 f5 22.Nf4 Ne5 23.Ne6+ Nxe6
24.dxe6 Bxg2 25.Kxg2 f4 26.Nd5 f3+ 27.Kh2 Re8 28.e7 Qd7 29.Re4 Qf5 30.Rf4 Qe6
31.Rd1 Rb7 32.Rf6 Qd7 33.Qf4 Ra7 34.Rf8 Rxe7 35.Qf6+ Kh6 36.Nxe7 Qxe7 37.Qxe7 Rxe7
38.Rxd6 Kg7 39.Rff6 Nxc4 40.bxc4 b3 41.Rb6  1-0

[Event "4th Rectors Cup"]
[Site "Belgorod RUS"]
[Date "2008.02.29"]
[Round "5"]
[White "Benza,A"]
[Black "Ivanov,AA"]
[Result "0-1"]
[WhiteElo "2333"]
[BlackElo "2430"]

1.e4 d6 2.d4 g6 3.Nc3 Bg7 4.Bc4 Nc6 5.Nf3 Nf6 6.O-O Bg4 7.Be3 Na5 8.Bd3 Nc6
9.h3 Bxf3 10.Qxf3 O-O 11.a3 e5 12.d5 Nd4 13.Qd1 c5 14.dxc6 bxc6 15.Re1 Rb8
16.Qc1 Re8 17.b3 d5 18.exd5 cxd5 19.Bxd4 exd4 20.Rxe8+ Qxe8 21.Ne2 Ne4 22.b4 Qe6
23.Rb1 Re8 24.Bb5 Re7 25.a4 Be5 26.Qh6 Qf6 27.Rf1 Bd6 28.h4 Bxb4 29.Qf4 Qb6
30.h5 Bd6 31.Qh4 Re5 32.hxg6 hxg6 33.Qg4 Rf5 34.a5 Qxa5  0-1

[Event "XI Open"]
[Site "Malaga ESP"]
[Date "2008.02.29"]
[Round "8"]
[White "Perez Garcia,Rodn"]
[Black "Cueto,J BOL"]
[Result "1/2-1/2"]
[WhiteElo "2427"]
[BlackElo "2312"]

1.e4 d6 2.d4 g6 3.Nc3 Bg7 4.Nf3 Nf6 5.Be2 O-O 6.O-O c6 7.Re1 Nbd7 8.Bf4 Qb6
9.Qc1 e5 10.dxe5 dxe5 11.Be3 Qc7 12.Nd2 Rd8 13.a4 Bf8 14.a5 Nc5 15.b4 Ne6
16.Qb2 Nd4 17.Bd1 Qe7 18.Na2 Ng4  1/2-1/2

[Event "TCh-BEL 2007-8"]
[Site "Belgium BEL"]
[Date "2008.03.02"]
[Round "10"]
[White "Van den Dikkenberg,E"]
[Black "Verduyn,F"]
[Result "1/2-1/2"]
[WhiteElo "2111"]
[BlackElo "2219"]

1.e4 g6 2.d4 Bg7 3.Nc3 d6 4.f4 a6 5.Nf3 b5 6.Bd3 Nd7 7.Ne2 c5 8.c3 Bb7 9.O-O cxd4
10.cxd4 Ngf6 11.Ng3 Qb6 12.Kh1 e5 13.fxe5 dxe5 14.d5 h5 15.Qe1 h4 16.Be3 Qd6
17.Ne2 Nc5 18.Bxc5 Qxc5 19.Rc1 Qd6 20.Qa5 h3 21.Qc7 hxg2+ 22.Kxg2 Qxc7 23.Rxc7 Bxd5
24.exd5 e4 25.Bxe4 Nxe4 26.Ng3 Nxg3 27.Re1+ Kd8 28.Ree7 Nf5 29.Rcd7+ Kc8
30.Rc7+ Kd8 31.Rcd7+ Kc8 32.Rc7+ Kd8 33.Rcd7+  1/2-1/2

[Event "24th Open"]
[Site "Bad Woerishofen GER"]
[Date "2008.03.03"]
[Round "5"]
[White "Bartels,Ho"]
[Black "Von Wantoch Rekowski,D"]
[Result "1/2-1/2"]
[WhiteElo "2133"]
[BlackElo "2242"]

1.e4 d6 2.d4 g6 3.Nc3 Bg7 4.f4 Nd7 5.Nf3 c5 6.d5 a6 7.a4 b6 8.Bc4 Qc7 9.O-O Nf8
10.e5 Nd7 11.Ng5 Nh6 12.e6 Nf6 13.exf7+ Nxf7 14.Ne6 Bxe6 15.dxe6 Nh6 16.f5 Nhg4
17.Nd5 Qd8 18.Qf3 O-O 19.Nxf6+ Nxf6 20.fxg6 d5 21.Bd3 Ne4 22.Qe2 Rxf1+ 23.Kxf1 Qd6
24.gxh7+  1/2-1/2

[Event "24th Open"]
[Site "Bad Woerishofen GER"]
[Date "2008.03.03"]
[Round "5"]
[White "Salomon,H"]
[Black "Westerman,H"]
[Result "1-0"]
[WhiteElo "1700"]
[BlackElo "1946"]

1.e4 g6 2.d4 Bg7 3.Nc3 d6 4.Nf3 Nf6 5.Bd3 Nc6 6.O-O Bg4 7.Be3 O-O 8.h3 Bxf3
9.Qxf3 e5 10.dxe5 Nxe5 11.Qe2 Nxd3 12.cxd3 Qd7 13.f4 Rae8 14.g4 h6 15.Qg2 Nh7
16.Ne2 Qb5 17.Rfe1 Qxd3 18.Ng3 Qb5 19.f5 Qxb2 20.Qxb2 Bxb2 21.Rab1 Be5 22.fxg6 fxg6
23.Ne2 b6 24.Bxh6 Rf3 25.Kg2 Ra3 26.Rbc1 c5 27.Rc2 Nf6 28.Ng1 Rg3+ 29.Kf2 Kh7
30.Bc1 Rf8 31.Nf3 Nd7 32.Re3 Bd4 33.Kxg3  1-0

[Event "24th Open"]
[Site "Bad Woerishofen GER"]
[Date "2008.03.05"]
[Round "7"]
[White "Doell,D"]
[Black "Von Wantoch Rekowski,D"]
[Result "1-0"]
[WhiteElo "2141"]
[BlackElo "2242"]

1.e4 d6 2.d4 g6 3.Nc3 Bg7 4.Be3 c6 5.Qd2 b5 6.Bd3 Nd7 7.Nge2 a6 8.Nd1 Nb6
9.O-O h5 10.c3 Nh6 11.f3 e5 12.Nf2 Be6 13.dxe5 dxe5 14.b3 Qc7 15.a4 bxa4
16.bxa4 Nc4 17.Bxc4 Bxc4 18.Rab1 Rd8 19.Qc2 c5 20.Nc1 O-O 21.Ncd3 f5 22.Nb2 Be6
23.Nbd3 c4 24.Nc5 Bc8 25.Qe2 f4 26.Qxc4+ Kh7 27.Bc1 Rf6 28.Ba3 Bf8 29.Rbd1 Rc6
30.Rxd8 Qxd8 31.Rd1 Qb6 32.Nfd3 Be6 33.Qb4 Qa7 34.Rb1 Nf7 35.Qb7 Qxb7 36.Rxb7 Kg8
37.Rb8 Bc8 38.Kf1 Nd8 39.Nxe5 Rc7 40.Nxg6 Bxc5 41.Bxc5  1-0

[Event "XXIII Open"]
[Site "Reykjavik ISL"]
[Date "2008.03.06"]
[Round "4"]
[White "Narayanan,Sr"]
[Black "Hillarp Persson,T"]
[Result "0-1"]
[WhiteElo "2210"]
[BlackElo "2535"]

1.e4 g6 2.d4 Bg7 3.Nc3 d6 4.f4 a6 5.Nf3 b5 6.Bd3 Nd7 7.a4 b4 8.Ne2 a5 9.O-O Ba6
10.Bxa6 Rxa6 11.Qd3 Qa8 12.f5 c5 13.c3 cxd4 14.cxd4 gxf5 15.e5 e6 16.d5 dxe5
17.dxe6 fxe6 18.Rd1 Ngf6 19.Qc4 O-O 20.Ng3 Qa7+ 21.Kh1 Ng4 22.Rd2 e4 23.Ng5 Nde5
24.Qb3 Nd3  0-1

[Event "KNSB TCh-NED 2007-8"]
[Site "Netherlands NED"]
[Date "2008.03.08"]
[Round "7"]
[White "Leenhouts,K"]
[Black "Lemmers,O"]
[Result "0-1"]
[WhiteElo "2394"]
[BlackElo "2386"]

1.e4 d6 2.d4 g6 3.Nc3 Bg7 4.Nf3 Nf6 5.h3 c6 6.a4 O-O 7.Be3 Nbd7 8.a5 Rb8
9.Be2 b5 10.axb6 axb6 11.O-O Bb7 12.Ra7 b5 13.b4 Nb6 14.Qa1 Nc8 15.Ra5 Nb6
16.Qa2 Qc7 17.Qb3 Bc8 18.d5 Bb7 19.Nd4 cxd5 20.Ncxb5 Qd7 21.Na7 Nc4 22.Bxc4 dxc4
23.Qxc4 Bxe4 24.Ndc6 Rb7 25.Rd1 Bf5 26.b5 Be6 27.Qe2 Nd5 28.Bd4 Bxh3 29.Bxg7 Bxg2
30.Ra3 Kxg7 31.Qc4 e5 32.Kxg2 Nf4+ 33.Kf1 Qg4 34.Rxd6 Qg2+ 35.Ke1 Ra8 36.Rg3 Qh1+
37.Kd2 Raxa7 38.Nxa7 Rxa7 39.Qc5 Re7 40.Rdxg6+ hxg6 41.Qxe7 Qd5+ 42.Rd3 Nxd3
43.cxd3 Qxb5 44.Ke3 Qb2 45.Kf3 Qd4 46.Ke2 Qf4 47.Qd7 Kh6 48.Qd8 Kh5 49.Qh8+ Kg4
50.Qc8+ Qf5 51.Qb7 Kg5 52.Qe7+ Kf4 53.Qb4+ Kg5 54.Qe7+ f6 55.Qb7 Qg4+ 56.Ke1 Qh3
57.Ke2 Qh2 58.Qa8 f5 59.Qd5 Kg4 60.Qc6 Qh5 61.Qg2+ Kf4+ 62.Ke1 Qg4 63.Qh2+ Kf3
64.Qxe5 Qg1+ 65.Kd2 Qxf2+ 66.Kc3 Qe3 67.Qd6 g5 68.Qd5+ Kg4 69.Qg2+ Qg3 70.Qe2+ Qf3
71.Qe6 Kg3 72.Kc4 g4 73.d4 Kf2 74.d5 g3 75.Qb6+ Qe3 76.Qxe3+ Kxe3 77.d6 g2
78.d7 g1=Q 79.d8=Q Qc1+ 80.Kb3 f4 81.Qb6+ Ke2 82.Qb5+ Kf2 83.Qh5 Qe3+ 84.Ka4 Qd4+
85.Kb3 f3 86.Qh2+ Ke1 87.Qh1+ Ke2 88.Qh5 Qe4 89.Ka3 Kd2 90.Qa5+ Kd1 91.Qd8+ Ke2
92.Qb8 f2 93.Qb2+ Ke3 94.Qc1+ Kf3 95.Qh1+ Kf4 96.Qh2+ Ke3 97.Qh6+ Ke2 98.Qh2 Ke1
99.Qg3 Ke2 100.Qh2 Ke1 101.Qg3 Qd4 102.Ka2 Ke2 103.Qh2 Kd2 104.Qh6+ Kc2 105.Qc6+ Qc3
106.Qg6+ Kd1 107.Qg4+ Kd2 108.Qf4+ Ke1 109.Qe4+ Kd1 110.Qg4+ Kd2 111.Qg5+ Qe3
112.Qd5+ Ke1 113.Qc4 Qe2+  0-1

[Event "KNSB TCh-NED 2007-8"]
[Site "Netherlands NED"]
[Date "2008.03.08"]
[Round "7"]
[White "Ondersteijn,N"]
[Black "Pel,B"]
[Result "0-1"]
[WhiteElo "2277"]
[BlackElo "2299"]

1.e4 d6 2.d4 g6 3.Nc3 Bg7 4.Nf3 a6 5.a4 b6 6.Be3 Bb7 7.h3 e6 8.Bd3 Nd7 9.O-O Ne7
10.Qd2 h6 11.Rfe1 Kf8 12.Ne2 Kg8 13.Ng3 h5 14.c3 h4 15.Nf1 f6 16.N3h2 Qf8
17.b4 a5 18.Qa2 Qf7 19.b5 d5 20.exd5 Nxd5 21.Qc2 Nf8 22.Bd2 Rd8 23.Nf3 Bh6
24.Bxh6 Rxh6 25.Be4 Ba8 26.Ne3 g5 27.Nxd5 Bxd5 28.Bxd5 exd5 29.Re3 Ng6 30.Rae1 Kg7
31.Qf5 Rhh8 32.Kh2 Rd7 33.Qe6 Qxe6 34.Rxe6 Kf7 35.Kg1 Rc8 36.Rc6 Re7 37.c4 Rxe1+
38.Nxe1 Ne7 39.cxd5 Nxc6 40.dxc6 Ke6 41.Nc2 Kd5 42.g3 hxg3 43.fxg3 Ke4 44.Kf2 Rh8
45.Ne3 Kxd4 46.h4 gxh4 47.gxh4 Ke4 48.Ng4 f5 49.Nf6+ Ke5 50.Nd7+ Ke6 51.Kg3 f4+  0-1

[Event "Open"]
[Site "Blackpool ENG"]
[Date "2008.03.09"]
[Round "5"]
[White "Walton,A"]
[Black "Davies,Ni"]
[Result "0-1"]
[WhiteElo "2207"]
[BlackElo "2480"]

1.d4 d6 2.e4 g6 3.Nc3 Bg7 4.Be3 a6 5.Nf3 Nd7 6.Qd2 b5 7.Bd3 c5 8.O-O Bb7
9.a4 b4 10.Ne2 Rb8 11.c3 bxc3 12.bxc3 Qc7 13.Ng3 h5 14.Nh4 Ngf6 15.h3 Qa5
16.f4 cxd4 17.cxd4 Qxd2 18.Bxd2 Nxe4 19.Nxe4 Bxd4+ 20.Kh2 Bxa1 21.Rxa1 O-O
22.Ng5 Nc5 23.Bc4 e6 24.Bb4 Rfc8 25.f5 gxf5 26.Be2 Bd5 27.Bxc5 Rxc5 28.Bxh5 Kg7
29.Nxf7 Rb4 30.Nf3 Bxf3 31.gxf3 Rh4 32.Nd8 Rc2+ 33.Kg3 Rxh5 34.Nxe6+ Kf6
35.Re1 Rc4 36.Nd8 Rg5+ 37.Kf2 Rc2+ 38.Ke3 Rc8  0-1

[Event "TCh-FIN 2007-8"]
[Site "Finland FIN"]
[Date "2008.03.09"]
[Round "9"]
[White "Lampen,T"]
[Black "Rehn,R"]
[Result "1/2-1/2"]
[WhiteElo "2327"]
[BlackElo "2185"]

1.d4 g6 2.e4 Bg7 3.Nc3 d6 4.Be3 Nd7 5.Qd2 c6 6.a4 Ngf6 7.h3 Qa5 8.Ra3 O-O
9.Nf3 e5 10.dxe5 Nxe5 11.Nxe5 dxe5 12.Bd3 Rd8 13.O-O Be6 14.Rd1 Rd7 15.Raa1 Nh5
16.Ne2 Qc7 17.g4 Nf4 18.Nxf4 exf4 19.Bxf4 Be5 20.Bxe5 Qxe5 21.Qc3 Qf4 22.Bf1 Bxg4
23.Rxd7 Bxd7 24.Rd1 Be6 25.Bg2 Qg5 26.a5 Rf8 27.b4 f5 28.Qe5 Re8 29.exf5 Bf7
30.Qc7 Bd5 31.Qg3 Qxf5 32.Bxd5+ cxd5 33.Qd3 Qg5+  1/2-1/2

[Event "10th WCh-University w"]
[Site "Novokuznetsk RUS"]
[Date "2008.03.09"]
[Round "7"]
[White "Anhchimeg,B"]
[Black "Hemmatizadeh,N"]
[Result "1-0"]
[WhiteElo "2245"]
[BlackElo "1915"]

1.e4 g6 2.d4 Bg7 3.Nc3 d6 4.g3 c6 5.Bg2 Nf6 6.Nge2 Qc7 7.a4 a5 8.h3 e5 9.Be3 Nbd7
10.O-O O-O 11.g4 Nb6 12.b3 Be6 13.f4 exf4 14.Bxf4 Rae8 15.Qe1 Nc8 16.Qg3 Qe7
17.Qh4 Nd5 18.Qxe7 Ndxe7 19.Rad1 d5 20.exd5 Nxd5 21.Nxd5 Bxd5 22.Nc1 Bxg2
23.Kxg2 Rd8 24.c3 Rd7 25.Rfe1 Rfd8 26.Nd3 Bf8 27.Ne5 Rd5 28.Re4 c5 29.Rf1 Nd6
30.Ree1 cxd4 31.c4 Rc5 32.Nd3 Rcc8 33.Re5 b6 34.Rfe1 Bg7 35.Re7 Bf8 36.R7e2 Re8
37.Kf3 Rxe2 38.Rxe2 Nb7 39.Re4 Nc5 40.Nxc5 bxc5 41.Ke2 Rd8 42.Kd3 Rc8 43.g5 Rd8
44.Bc7 Ra8 45.Kc2 Ra7 46.Bb8 Re7 47.Rxe7 Bxe7 48.Bc7 Bxg5 49.Bxa5 f5 50.Bb6 f4
51.Bxc5 Bd8 52.b4 Kf7 53.a5 Bf6 54.a6 f3 55.Kd1  1-0

[Event "ch-Siberia"]
[Site "Novokuznetsk RUS"]
[Date "2008.03.15"]
[Round "3"]
[White "Petrukhin,D"]
[Black "Sambursky,V"]
[Result "1-0"]
[WhiteElo "2420"]
[BlackElo "2263"]

1.e4 d6 2.d4 g6 3.Nc3 Bg7 4.Nf3 c6 5.Be3 Nf6 6.Qd2 O-O 7.Bd3 Ng4 8.Bg5 h6
9.Bh4 Nd7 10.h3 Ngf6 11.e5 Nh7 12.exd6 Ndf6 13.dxe7 Re8 14.O-O Rxe7 15.Rfe1 Be6
16.Rad1 g5 17.Bg3 Nh5 18.Be5 Bxe5 19.dxe5 Rd7 20.Ne2 Nf8 21.Qe3 Ng6 22.Bxg6 Rxd1
23.Bxh5 Rxe1+ 24.Nxe1 Qd1 25.Ng3 Qb1 26.b3 Rd8 27.Ne4 Kf8 28.h4 gxh4 29.Qxh6+ Ke7
30.Qe3 b6 31.Kh2 Kd7 32.Ng5 Kc7 33.Nd3 Qxc2 34.Nf4 Qf5 35.Bg6 Qg4 36.Bxf7 Bxf7
37.Nxf7 Re8 38.e6 Qf5 39.Qd4  1-0

[Event "Romanian Young Int"]
[Site "Bucharest ROM"]
[Date "2008.03.20"]
[Round "7"]
[White "Badev,K"]
[Black "Barnaure,V"]
[Result "0-1"]
[WhiteElo "2314"]
[BlackElo "2469"]

1.e4 g6 2.d4 Bg7 3.Nc3 d6 4.h3 a6 5.f4 b5 6.Nf3 Bb7 7.a3 Nd7 8.e5 c5 9.Be2 cxd4
10.Qxd4 dxe5 11.Qf2 Qc7 12.fxe5 Nxe5 13.O-O Nc4 14.Nd2 Nf6 15.Nxc4 bxc4 16.Bf4 e5
17.Bxe5 Qxe5 18.Bf3 O-O-O 19.Bxb7+ Kxb7 20.Qf3+ Kc7 21.Kh1 Rhe8 22.Rae1 Qxe1
23.Rxe1 Rxe1+ 24.Kh2 Re6 25.Qf4+ Kd7 26.Nd5 Rc8 27.Ne3 Re4 28.Qf2 Ke8  0-1

[Event "Doeberl Cup"]
[Site "Canberra AUS"]
[Date "2008.03.20"]
[Round "1"]
[White "Yu,D"]
[Black "Zozulia,A"]
[Result "0-1"]
[WhiteElo "1987"]
[BlackElo "2344"]

1.e4 g6 2.d4 Bg7 3.Nc3 d6 4.f4 Nd7 5.Nf3 e6 6.Be3 a6 7.a4 Ne7 8.Bd3 b6 9.O-O Bb7
10.Qd2 c5 11.Ne2 c4 12.Bxc4 Bxe4 13.Ng3 Bb7 14.c3 Qc7 15.Bd3 Nf6 16.Ng5 h5
17.h3 h4 18.N3e4 Nf5 19.Bf2 Nh5 20.Be3 d5 21.Nf2 Nxe3 22.Qxe3 Qxf4 23.Ng4 Qxe3+
24.Nxe3 Bh6 25.Nxf7 Bxe3+ 26.Kh2 Bf4+ 27.Rxf4 Nxf4 28.Nxh8 Nxd3 29.Nxg6 Kf7
30.Nxh4 Nxb2 31.Nf3 Nc4 32.Ng5+ Kf6 33.h4 e5 34.Rf1+ Kg6 35.Rf7 Bc6 36.Re7 Re8
37.Ra7 e4 38.g4 e3  0-1

[Event "12th Neckar Open A"]
[Site "Deizisau GER"]
[Date "2008.03.20"]
[Round "1"]
[White "Jaracz,P"]
[Black "Jurasin,M"]
[Result "1-0"]
[WhiteElo "2527"]
[BlackElo "2114"]

1.e4 g6 2.d4 Bg7 3.Nc3 d6 4.Nf3 Bg4 5.Be3 Nd7 6.h3 Bxf3 7.Qxf3 c5 8.O-O-O cxd4
9.Bxd4 Ngf6 10.g4 O-O 11.Be2 Qa5 12.h4 Ne5 13.Qh3 Rfc8 14.Kb1 Nc6 15.Bxf6 Bxf6
16.Nd5 Bg7 17.c3 e6 18.Nf4 Qe5 19.Qe3 Na5 20.f3 Rc6 21.Nd3 Qf6 22.g5 Qe7
23.Nb4 Rb6 24.f4 Rc8 25.f5 Nc4 26.Bxc4 Rxc4 27.f6 Bxf6 28.gxf6 Qxf6 29.h5 Qe5
30.hxg6 hxg6 31.Rde1 Kf8 32.Ka1 Ke7 33.Rh7 Rc8 34.Qf2 Qf6 35.Nd5+ exd5 36.exd5+  1-0

[Event "ch-Siberia"]
[Site "Novokuznetsk RUS"]
[Date "2008.03.20"]
[Round "8"]
[White "Lavrov,Ma1"]
[Black "Odinaev,T"]
[Result "1-0"]
[WhiteElo "2338"]
[BlackElo "2267"]

1.e4 g6 2.d4 Bg7 3.Nc3 d6 4.f4 a6 5.Nf3 b5 6.Bd3 e6 7.f5 Nc6 8.Ne2 exf5 9.exf5 Nf6
10.O-O O-O 11.c3 Ne7 12.Ng3 c5 13.Bg5 h6 14.Bxf6 Bxf6 15.Qd2 Kg7 16.Rae1 Ra7
17.Qf4 Qd7 18.Ne4 g5 19.Nfxg5 hxg5 20.Nxg5 Rh8 21.Ne6+ Kg8 22.Qg4+ Ng6 23.fxg6 fxe6
24.Rxf6 Qg7 25.Qf4 Qh6 26.Qxd6 Kg7 27.Rf3 Qg5 28.Rg3 Qe7 29.Qe5+ Qf6 30.Qxc5 Re7
31.Rf1 Qh4 32.Rf7+ Rxf7 33.gxf7+  1-0

[Event "15th Belisce Metalis Open"]
[Site "Bizovac CRO"]
[Date "2008.03.21"]
[Round "2"]
[White "Medak,B"]
[Black "Djuric,Mil"]
[Result "0-1"]
[WhiteElo "2373"]
[BlackElo "2107"]

1.d4 g6 2.e4 d6 3.Nc3 Bg7 4.Be3 Nf6 5.f3 c6 6.Qd2 Qa5 7.Nge2 Nbd7 8.g4 b5
9.Bg2 h5 10.g5 Ng8 11.O-O e6 12.d5 exd5 13.exd5 c5 14.Bf4 Ne5 15.Ng3 Ne7
16.Nge4 Nf5 17.Rae1 O-O 18.Nf6+ Bxf6 19.gxf6 Nc4 20.Qc1 Qb4 21.Bh6 Rd8 22.Bh3 Qxb2
23.Qg5 Qxc3 24.Bxf5 Qd4+ 25.Kh1 Bxf5 26.Rg1 Qxd5 27.Rg3 Qd2 28.Qxd2 Nxd2
29.Bxd2 Bxc2  0-1

[Event "Palace Hotel Open"]
[Site "Heviz HUN"]
[Date "2008.03.21"]
[Round "2"]
[White "Vassallo,M"]
[Black "Csala,Im"]
[Result "1/2-1/2"]
[WhiteElo "2383"]
[BlackElo "2254"]

1.e4 d6 2.d4 g6 3.Nc3 Bg7 4.Be3 Nf6 5.Qd2 Nc6 6.f3 e5 7.Nge2 O-O 8.d5 Ne7
9.O-O-O Ne8 10.g4 f5 11.gxf5 gxf5 12.Kb1 Kh8 13.Rg1 f4 14.Bf2 Ng6 15.Nc1 a6
16.Nb3 Bf6 17.Rc1 Bh4 18.Nd1 b6 19.c4 Bxf2 20.Qxf2 Qh4 21.Nd2 a5 22.b3 Nf6
23.Qxh4 Nxh4 24.Nf2 h6 25.Bh3 Bxh3 26.Nxh3 Kh7 27.Kc2  1/2-1/2

[Event "15th Belisce Metalis Open"]
[Site "Bizovac CRO"]
[Date "2008.03.22"]
[Round "3"]
[White "Segovic,G"]
[Black "Sax,G"]
[Result "0-1"]
[WhiteElo "2126"]
[BlackElo "2509"]

1.e4 g6 2.d4 Bg7 3.Nc3 d6 4.Be3 c6 5.Qd2 b5 6.f3 a6 7.Nge2 Nd7 8.a4 b4 9.Nd1 a5
10.g3 Ngf6 11.Bg2 e5 12.c3 Rb8 13.O-O O-O 14.Bh6 bxc3 15.bxc3 Bxh6 16.Qxh6 Ba6
17.Qd2 Bxe2 18.Qxe2 exd4 19.cxd4 Rb4 20.e5 Re8 21.f4 Qb6 22.Nf2 Rxd4 23.Qf3 dxe5
24.fxe5 Nd5 25.Rab1 Qa7 26.Kh1 Nxe5 27.Qa3 Nc4 28.Qc1 Re6 29.Qg5 Qe7 30.Qh6 Qf8
31.Qxf8+ Kxf8 32.Rb8+ Kg7 33.Ra8 Nde3 34.Re1 Rd2 35.Kg1 Rf6  0-1

[Event "9th North American Inv"]
[Site "Chicago USA"]
[Date "2008.03.22"]
[Round "2"]
[White "Chow,A"]
[Black "Young,A PHI"]
[Result "0-1"]
[WhiteElo "2208"]
[BlackElo "2360"]

1.d4 d6 2.e4 g6 3.Nc3 Bg7 4.f4 c6 5.Nf3 Nf6 6.Bd3 O-O 7.O-O Na6 8.a3 c5 9.d5 Nc7
10.Qe1 a6 11.Qh4 b5 12.f5 c4 13.Be2 gxf5 14.Bh6 Bxh6 15.Qxh6 Ng4 16.Qh4 e6
17.Qg3 Kh8 18.exf5 exf5 19.h3 Nf6 20.Nd4 Rg8 21.Qf3 Ncxd5 22.Nxd5 Bb7 23.Qxf5 Nxd5
24.Qxf7 Qb6 25.c3 Rg7 26.Qf2 Ne3 27.Bf3 Nxf1 28.Rxf1 Bxf3 29.Qxf3 Qb7 30.Qe2 Rxg2+
31.Qxg2 Rg8 32.Rf2 Rxg2+ 33.Rxg2 Qe4 34.Re2 Qb1+ 35.Kh2 h6 36.Rg2 Kh7 37.Ne6 Qf5
38.Nd4 Qf4+ 39.Kh1 h5 40.Kg1 Qe5 41.Kh1 a5 42.Kg1 b4 43.axb4 axb4 44.Ne2 d5
45.Kh1 bxc3 46.bxc3 Qe3 47.Kh2 h4 48.Kh1 Qxh3+ 49.Kg1 Qe3+ 50.Kf1 Kh6 51.Ke1  0-1

[Event "12th Neckar Open A"]
[Site "Deizisau GER"]
[Date "2008.03.22"]
[Round "5"]
[White "Thinius,M"]
[Black "Chatalbashev,B"]
[Result "0-1"]
[WhiteElo "2335"]
[BlackElo "2585"]

1.e4 g6 2.d4 Bg7 3.Nc3 d6 4.Be3 a6 5.Qd2 Nd7 6.Bd3 b5 7.a4 b4 8.Nd1 c5 9.c3 bxc3
10.bxc3 Ngf6 11.f3 e5 12.d5 O-O 13.Ne2 Nh5 14.Qc2 Qh4+ 15.g3 Qe7 16.O-O Bf6
17.Nb2 Bg5 18.Bxg5 Qxg5 19.Nc4 Qe7 20.Rab1 a5 21.Rb5 Ba6 22.Rxa5 Nb6 23.Rxa6 Rxa6
24.Nxe5 Rxa4 25.Nc6 Qf6 26.c4 Rfa8 27.Nc3 Ra3 28.e5 dxe5 29.Ne4 Qg7 30.Nxc5 Qh6
31.Qc1 Qf8 32.Ne4 Rxd3 33.Qb1 Qa3 34.Qxb6 Rxf3 35.Re1 Nf6 36.Nf2 Nd7 37.Qb7 Nc5
38.Qe7 Rxf2 39.Kxf2 Nd3+ 40.Kf1 Qb2 41.Qf6 Ra2 42.Ne7+ Kf8 43.Nxg6+ hxg6
44.Qh8+ Ke7 45.d6+ Kd7 46.Qh3+ Kxd6 47.c5+ Kc7  0-1

[Event "Victor Ciocaltea mem"]
[Site "Bucharest ROM"]
[Date "2008.03.23"]
[Round "9"]
[White "Chirila,I"]
[Black "Szabo,G ROM"]
[Result "1-0"]
[WhiteElo "2400"]
[BlackElo "2509"]

1.e4 g6 2.d4 Bg7 3.Nc3 d6 4.f4 c6 5.Nf3 b5 6.a3 Qb6 7.Be3 a5 8.Qd2 Qb7 9.Bd3 Na6
10.e5 d5 11.O-O Nh6 12.h3 Nf5 13.Bf2 h5 14.Ne2 Nc7 15.g3 Nh6 16.Kg2 Bf5 17.Nh4 e6
18.Nxf5 Nxf5 19.g4 Ne7 20.Ng3 hxg4 21.hxg4 Kd7 22.Rh1 Qb6 23.Kf3 f5 24.exf6 Bxf6
25.c3 Raf8 26.Rxh8 Rxh8 27.Qc2 Rg8 28.Rh1 Qb8 29.Rh7 Qe8 30.Be3 Kc8 31.Qh2 Qf8
32.Ke2 Ne8 33.Qh3 Bg7 34.f5 Nf6 35.fxg6 Nxh7 36.gxh7 Rh8 37.g5 Kd7 38.Nh5 Qf7
39.Qf3 Ke8 40.Qg4 Kd7 41.g6 Qf8 42.Qg5 Nf5 43.Bxf5 exf5 44.Nxg7  1-0

[Event "Palace Hotel Open"]
[Site "Heviz HUN"]
[Date "2008.03.23"]
[Round "4"]
[White "Bezsenyi,F"]
[Black "Csala,Im"]
[Result "0-1"]
[WhiteElo "1949"]
[BlackElo "2254"]

1.e4 d6 2.d4 g6 3.Nc3 Bg7 4.Be3 Nc6 5.Qd2 Nf6 6.f3 e5 7.Bb5 Bd7 8.Nge2 O-O
9.O-O Re8 10.d5 Nb8 11.Rfd1 a6 12.Ba4 Rf8 13.Ng3 h5 14.Bg5 Qe8 15.Bxd7 Nbxd7
16.Nce2 Nh7 17.Be3 h4 18.Nf1 f5 19.g4 fxe4 20.fxe4 Ndf6 21.Nc3 Nxg4 22.Qg2 Rxf1+
23.Rxf1 Nxe3 24.Qh3 Nxf1 25.Rxf1 Qe7 26.Qg4 Qg5 27.Qxg5 Nxg5 28.Kg2 Rf8 29.Rxf8+ Kxf8
30.h3 Bf6 31.b3 Bd8 32.a4 c6 33.dxc6 bxc6 34.b4 Ke7 35.b5 axb5 36.axb5 Ba5
37.Ne2 cxb5 38.Ng1  0-1

[Event "SCT Ladies Open"]
[Site "Stockholm SWE"]
[Date "2008.03.23"]
[Round "7"]
[White "Gaponenko,I"]
[Black "Benderac,A"]
[Result "1-0"]
[WhiteElo "2422"]
[BlackElo "2324"]

1.e4 d6 2.d4 g6 3.Nc3 Bg7 4.f4 Nf6 5.Nf3 O-O 6.Bd3 d5 7.e5 Ng4 8.h3 Nh6 9.Be3 Bf5
10.Be2 Nc6 11.g4 Bc8 12.f5 Kh8 13.f6 exf6 14.exf6 Qxf6 15.g5 Qe6 16.gxh6 Bf6
17.Qd2 Re8 18.Bg5 Bxg5 19.Nxg5  1-0

[Event "2nd Agzamov Memorial"]
[Site "Tashkent UZB"]
[Date "2008.03.23"]
[Round "4"]
[White "Nazarov,E"]
[Black "Tseshkovsky,V"]
[Result "0-1"]
[WhiteElo "2216"]
[BlackElo "2504"]

1.e4 g6 2.d4 Bg7 3.Nc3 d6 4.f4 Nf6 5.Nf3 c5 6.Bb5+ Bd7 7.Bxd7+ Nbxd7 8.e5 Nh5
9.Be3 O-O 10.O-O cxd4 11.Qxd4 dxe5 12.fxe5 Nxe5 13.Nxe5 Qc7 14.Nd5 Qxe5 15.Qxe5 Bxe5
16.Nxe7+ Kg7 17.Nf5+ gxf5 18.Rxf5 Bxb2 19.Rb1 Bf6 20.Rxh5 Rfe8 21.Kf2 Rac8
22.Rb4 Rxc2+ 23.Kf3 Rxa2 24.Rg4+ Kh8 25.Rf5 Ra3 26.Re4 Rxe4 27.Kxe4 Kg7 28.g4 Ra4+
29.Kf3 b6 30.g5 Be7 31.Bf4 Ra5 32.Kg4 Rxf5 33.Kxf5 a5 34.Be5+ Kf8 35.h4 a4
36.Ke4 b5 37.Kd3 Ke8 38.Kc3 Kd7  0-1

[Event "2nd Agzamov Memorial"]
[Site "Tashkent UZB"]
[Date "2008.03.25"]
[Round "6"]
[White "Gubaydulin,T"]
[Black "Tseshkovsky,V"]
[Result "1/2-1/2"]
[WhiteElo "2211"]
[BlackElo "2504"]

1.e4 g6 2.d4 Bg7 3.Nc3 d6 4.f4 Nf6 5.Nf3 c5 6.Bb5+ Bd7 7.Bxd7+ Nbxd7 8.d5 O-O
9.O-O b5 10.e5 dxe5 11.fxe5 Ng4 12.e6 fxe6 13.dxe6 Nde5 14.Qxd8 Raxd8 15.Nxb5 a6
16.Nc3 Rf5 17.Ne4 Rff8 18.h3 Nxf3+ 19.gxf3 Ne5 20.f4 Nc4 21.c3 Rd5 22.Rb1 Rb8
23.b3 Nd6 24.Nxd6 exd6 25.c4 Rd3 26.Kg2 Re8 27.Re1 a5 28.a3 h5 29.Re2 Rd1
30.Rd2 Re1 31.Rxd6 Bf8 32.Ra6 Bg7  1/2-1/2

[Event "Spring Open"]
[Site "Belgrade SCG"]
[Date "2008.03.26"]
[Round "2"]
[White "Panic,A"]
[Black "Popovic,Mila"]
[Result "0-1"]
[WhiteElo "1851"]
[BlackElo "1988"]

1.e4 g6 2.d4 d6 3.Nc3 Bg7 4.f4 c5 5.Bb5+ Bd7 6.Nf3 Bxb5 7.Nxb5 Qb6 8.c4 cxd4
9.Nfxd4 a6 10.Qa4 Nd7 11.Be3 Rc8 12.Na7 Rc5 13.b4 Rxc4 14.Nf5 Bc3+ 15.Kf2 Qxb4
16.Qxb4 Rxb4 17.Rac1 Ngf6 18.Ng3 Ng4+ 19.Kf3 Nxe3 20.Rxc3 Nc4 21.Rcc1 b5  0-1